[Event "Prebor mesta Vsetina 2017"]
[Site "?"]
[Date "2017.07.03"]
[Round "3"]
[White "Laszczak, Przemyslaw"]
[Black "Mica, Marek"]
[Result "1-0"]
[WhiteElo "1864"]
[BlackElo "1974"]
[PlyCount "121"]
[SourceDate "2017.07.04"]

1.d4 Nf6 2.Nf3 e6 3.e3 b6 4.Bd3 Bb7 5.b3 Ne4 6.Bb2 f5 7.O-O d6 8.c4 Nd7 9.Nc3
a6 10.Nd2 Qh4 11.Ndxe4 fxe4 12.g3 Qh3 13.Bxe4 Bxe4 14.Nxe4 Qf5 15.Nd2 O-O-O
16.e4 Qg6 17.Qe2 h5 18.h4 Be7 19.Nf3 Qg4 20.Rae1 Rdf8 21.Kg2 Bf6 22.e5 dxe5
23.Ba3 exd4 24.Bxf8 Rxf8 25.Qxe6 Qxe6 26.Rxe6 Nc5 27.Ree1 Rd8 28.Rd1 d3 29.
Rfe1 Bc3 30.Re3 Bb4 31.Ne5 Bc3 32.Nxd3 Bf6 33.Kf3 a5 34.Ke2 Nb7 35.Nf4 Rh8 36.
Rd5 c6 37.Rxh5 Rd8 38.Ne6 Rg8 39.Kf3 Kd7 40.Kf4 Re8 41.Ng5 Rg8 42.Rd3+ Ke7 43.
Ne4 Bb2 44.Rd1 Ke6 45.Rg5 Rf8+ 46.Ke3 Rc8 47.Rg6+ Ke7 48.Nd6 Rd8 49.Nf5+ Kf7
50.Rxd8 Nxd8 51.Rd6 Bf6 52.h5 Bg5+ 53.f4 Bf6 54.g4 Ke8 55.g5 Bb2 56.Ke4 Bc3
57.Nd4 Ke7 58.Rg6 Bxd4 59.Kxd4 Ne6+ 60.Ke5 Nd8 61.Rxg7+ 1-0

[Event "Prebor mesta Vsetina 2017"]
[Site "?"]
[Date "2017.07.03"]
[Round "3"]
[White "Mlady, Pavel"]
[Black "Dungl, Petr"]
[Result "0-1"]
[WhiteElo "1650"]
[BlackElo "1884"]
[PlyCount "68"]
[SourceDate "2017.07.04"]

1.e4 c5 2.d4 cxd4 3.c3 Nf6 4.Bd3 Nc6 5.Nf3 d6 6.Nxd4 g6 7.O-O Bg7 8.Qe2 Bd7 9.
Nxc6 Bxc6 10.f3 O-O 11.Be3 a6 12.Nd2 Nd7 13.Rfd1 b5 14.Nb3 Ne5 15.Nd4 Bd7 16.
Rac1 Rc8 17.Qd2 Nc4 18.Bxc4 bxc4 19.b4 Qc7 20.Ne2 Ba4 21.Re1 Rfd8 22.Bd4 Bd7
23.Bxg7 Kxg7 24.Qd4+ e5 25.Qe3 f5 26.Red1 f4 27.Qd2 Ba4 28.Re1 g5 29.g3 Kh8
30.gxf4 gxf4 31.Kh1 Rg8 32.Rg1 Qb6 33.Rg4 Qf2 34.Qxd6 Qxf3+ 0-1

[Event "Prebor mesta Vsetina 2017"]
[Site "?"]
[Date "2017.07.03"]
[Round "3"]
[White "Ambrozova, Lucie"]
[Black "Peterka, Josef"]
[Result "0-1"]
[WhiteElo "1875"]
[BlackElo "1796"]
[PlyCount "112"]
[SourceDate "2017.07.04"]

1.e4 e6 2.d4 d5 3.Nd2 c5 4.exd5 Qxd5 5.Ngf3 cxd4 6.Bc4 Qh5 7.O-O Nc6 8.Nb3 Nf6
9.Nbxd4 Nxd4 10.Nxd4 Qxd1 11.Rxd1 Bd6 12.Nxe6 Bxe6 13.Bxe6 Rd8 14.Be3 fxe6 15.
Bxa7 Kf7 16.Bb6 Rd7 17.a4 Rc8 18.c3 Bc5 19.Bxc5 Rxc5 20.Rdc1 Rd2 21.b4 Rc7 22.
a5 Nd5 23.b5 Rxc3 24.Rxc3 Nxc3 25.a6 bxa6 26.bxa6 Rd8 27.Kf1 Ra8 28.Rc1 Nd5
29.Rc6 Ra7 30.Ke2 Nb4 31.Rb6 Nxa6 32.Ke3 Nc7 33.Rc6 Nd5+ 34.Ke4 Kf6 35.Rc8
Ra4+ 36.Kf3 Kf5 37.Rg8 Ra3+ 38.Ke2 Nf4+ 39.Kd1 Rd3+ 40.Kc2 Rd7 41.Rf8+ Ke4 42.
g3 Nh5 43.Rf3 Nf6 44.Re3+ Kf5 45.h3 e5 46.Rf3+ Ke6 47.Re3 Rd4 48.f4 e4 49.Kc3
Rd3+ 50.Rxd3 exd3 51.Kxd3 Nh5 52.Ke4 Nxg3+ 53.Kf3 Nf5 54.Kg4 Kf6 55.Kf3 h5 56.
Ke4 Ke6 0-1

[Event "Prebor mesta Vsetina 2017"]
[Site "?"]
[Date "2017.07.03"]
[Round "3"]
[White "Vraj, Ondrej"]
[Black "Mostek, Jan"]
[Result "1-0"]
[WhiteElo "1816"]
[BlackElo "1774"]
[PlyCount "75"]
[SourceDate "2017.07.04"]

1.e4 c6 2.d4 d5 3.exd5 cxd5 4.Bd3 Nc6 5.c3 Nf6 6.h3 g6 7.Nf3 Bf5 8.O-O Bg7 9.
Bf4 Qb6 10.Bxf5 gxf5 11.Qb3 e6 12.Qxb6 axb6 13.Na3 Na7 14.Bc7 Nd7 15.Rfe1 Bf8
16.Nc2 Nb5 17.Bf4 Bd6 18.Bh6 Bf8 19.Bxf8 Kxf8 20.Ne3 Nd6 21.Nd2 b5 22.f3 Kg7
23.g4 Kf6 24.Ndf1 h5 25.gxf5 Nxf5 26.Nxf5 Kxf5 27.Ne3+ Kf4 28.Kf2 Rhg8 29.a3
Rg5 30.h4 Rg6 31.Rg1 Rag8 32.Rxg6 Rxg6 33.a4 Nb6 34.axb5 Nc4 35.Ng2+ Kf5 36.b6
Nxb2 37.Ne1 Kf4 38.Rb1 1-0

[Event "Prebor mesta Vsetina 2017"]
[Site "?"]
[Date "2017.07.03"]
[Round "3"]
[White "Zadrapa, Radek"]
[Black "Filak, Josef"]
[Result "1-0"]
[WhiteElo "2060"]
[BlackElo "1765"]
[PlyCount "48"]
[SourceDate "2017.07.04"]

1.e4 c5 2.Nf3 Nc6 3.Bb5 e6 4.O-O d6 5.Re1 Be7 6.c3 Nf6 7.d4 cxd4 8.cxd4 O-O 9.
Nc3 a6 10.Bd3 Re8 11.a3 b5 12.b4 Bb7 13.Bb2 Qb6 14.Qe2 Nd7 15.Rac1 Bf6 16.d5
Nce5 17.dxe6 fxe6 18.Bb1 Nxf3+ 19.Qxf3 Bd4 20.Nd1 Ne5 21.Qg3 Rac8 22.Rxc8 Bxc8
23.Bxd4 Qxd4 24.Qe3 Qc4 1-0

[Event "Prebor mesta Vsetina 2017"]
[Site "?"]
[Date "2017.07.03"]
[Round "3"]
[White "Brousek, Jiri"]
[Black "Gratze, Michael"]
[Result "0-1"]
[WhiteElo "2016"]
[BlackElo "2057"]
[PlyCount "136"]
[SourceDate "2017.07.04"]

1.d4 Nf6 2.Nf3 g6 3.Nc3 d5 4.Bf4 Bg7 5.e3 O-O 6.Be2 c5 7.dxc5 Qa5 8.Nd2 Qxc5
9.Nb3 Qb6 10.O-O Rd8 11.Nb5 Ne8 12.c3 e5 13.Bg3 a6 14.Na3 Nc6 15.Qc1 Bf5 16.
Rd1 Rac8 17.Bf3 d4 18.Bxc6 Rxc6 19.exd4 exd4 20.Qd2 Bg4 21.Bh4 Rdd6 22.Re1 Be6
23.c4 Rd7 24.c5 Qc7 25.Nc4 Nf6 26.Bg3 Qd8 27.Ne5 d3 28.Nxc6 bxc6 29.Bd6 Bf5
30.Qe3 Ne4 31.Rad1 Nxd6 32.cxd6 Rxd6 33.Qe8+ Bf8 34.Qxd8 Rxd8 35.f3 h5 36.Kf2
Bg7 37.Re7 Bxb2 38.Rc7 Rd6 39.Kf1 Bc3 40.Nd2 Ba5 41.Ra7 Bxd2 42.Rxd2 c5 43.Rc7
Rd5 44.Ke1 Bd7 45.Rb2 Bb5 46.Kd2 Re5 47.Kc3 Rd5 48.Ra7 Rd6 49.Rc7 c4 50.Rd2
Re6 51.Rxc4 Bxc4 52.Kxc4 h4 53.Kxd3 h3 54.gxh3 Re5 55.Kc4 Rh5 56.a4 Rh4+ 57.
Rd4 Rxh3 58.f4 Rxh2 59.Kc5 Rh5+ 60.Kb6 a5 61.Rc4 Rf5 62.Rc5 Rxc5 63.Kxc5 f6
64.Kb5 g5 65.fxg5 fxg5 66.Kxa5 g4 67.Kb6 g3 68.a5 g2 0-1

[Event "Prebor mesta Vsetina 2017"]
[Site "?"]
[Date "2017.07.05"]
[Round "5"]
[White "Roubalik, Jakub"]
[Black "Wiewiora, Eneasz"]
[Result "0-1"]
[BlackElo "2290"]
[PlyCount "74"]
[EventDate "2017.??.??"]
[WhiteElo "2391"]

1.d4 g6 2.c4 Bg7 3.e4 c5 4.d5 d6 5.Bd3 e6 6.Ne2 Ne7 7.Nbc3 O-O 8.O-O exd5 9.
exd5 Nd7 10.Ng3 Ne5 11.Be2 f5 12.f4 Ng4 13.Bxg4 fxg4 14.Be3 Nf5 15.Bf2 Nxg3
16.Bxg3 Bf5 17.Qd2 Qf6 18.Bf2 a6 19.a4 Rae8 20.Rae1 Bh6 21.Kh1 Kf7 22.Kg1 Rxe1
23.Rxe1 Re8 24.Rxe8 Kxe8 25.Be3 Bg7 26.Nd1 Qe7 27.Nc3 h5 28.Bf2 Bf6 29.g3 Kf7
30.a5 Qe8 31.Kf1 Bd8 32.Ne2 Qa4 33.Be1 Qxc4 34.b4 Bd3 35.bxc5 Qxd5 36.Kg1 Qf3
37.Qa2+ d5 0-1

[Event "Prebor mesta Vsetina 2017"]
[Site "?"]
[Date "2017.07.05"]
[Round "5"]
[White "Jasny, Stanislav"]
[Black "Horak, Martin"]
[Result "1/2-1/2"]
[WhiteElo "2363"]
[BlackElo "2073"]
[PlyCount "104"]
[EventDate "2017.??.??"]

1.Nf3 Nf6 2.c4 c6 3.d4 d5 4.e3 g6 5.Nc3 Bg7 6.Be2 O-O 7.O-O a6 8.Qb3 Ra7 9.Rd1
Bf5 10.Bd2 Ne4 11.cxd5 Nxc3 12.Bxc3 cxd5 13.Bb4 b6 14.Rac1 Rc7 15.Be1 Qc8 16.
Rc3 Rxc3 17.Bxc3 Qb7 18.Ne5 Be6 19.Nd3 Nd7 20.Nf4 Nf6 21.Nxe6 fxe6 22.Bb4 Kf7
23.Rc1 Rc8 24.Rxc8 Qxc8 25.Qc3 Qb7 26.Qd3 a5 27.Be1 Ne4 28.Bd1 e5 29.Bb3 e6
30.f3 Nd6 31.Bg3 Qc6 32.Qc3 Qxc3 33.bxc3 Nf5 34.Bf2 exd4 35.cxd4 b5 36.Kf1 Ke7
37.Ke2 Kd6 38.Be1 b4 39.g4 Ne7 40.Bg3+ e5 41.Kd3 Ke6 42.dxe5 Bxe5 43.f4 Bc3
44.Bh4 h6 45.e4 Kd6 46.e5+ Ke6 47.Bxe7 Kxe7 48.Bxd5 g5 49.Bb3 gxf4 50.Ke4 f3
51.Kxf3 Bxe5 52.h4 Bf6 1/2-1/2

[Event "Prebor mesta Vsetina 2017"]
[Site "?"]
[Date "2017.07.05"]
[Round "5"]
[White "Bosak, Jan"]
[Black "Karlik, Vladimir"]
[Result "1/2-1/2"]
[WhiteElo "2151"]
[BlackElo "2207"]
[PlyCount "52"]
[EventDate "2017.??.??"]

1.c4 g6 2.d4 Bg7 3.Nc3 d6 4.e4 Nf6 5.Be2 O-O 6.Bg5 Na6 7.Qd2 e5 8.Nf3 Qe8 9.
dxe5 dxe5 10.O-O Bg4 11.Rad1 c6 12.Qd6 Rd8 13.Qa3 Qe6 14.b3 h6 15.Be3 Rxd1 16.
Rxd1 Ra8 17.c5 Nc7 18.h3 Bxf3 19.Bxf3 Qe7 20.Qc1 Ne6 21.Na4 h5 22.Qc3 Nd7 23.
Qa5 Bf6 24.Be2 Nd4 25.Bc4 Qd8 26.Qd2 b5 1/2-1/2

[Event "Prebor mesta Vsetina 2017"]
[Site "?"]
[Date "2017.07.05"]
[Round "5"]
[White "Kuchar, Matej"]
[Black "Koutny, Petr"]
[Result "1-0"]
[WhiteElo "2018"]
[BlackElo "2189"]
[PlyCount "88"]
[EventDate "2017.??.??"]

1.e4 b6 2.d4 Bb7 3.Nd2 e6 4.Bd3 Nf6 5.Ngf3 c5 6.c3 Nc6 7.a3 d5 8.e5 Nd7 9.O-O
Be7 10.Re1 Qc7 11.Nf1 c4 12.Bc2 O-O-O 13.Bg5 Rde8 14.h4 f6 15.exf6 gxf6 16.Bh6
Bd6 17.h5 Re7 18.Ne3 Rg8 19.b3 Na5 20.bxc4 Nxc4 21.Bb3 Nxe3 22.Rxe3 b5 23.Qe2
Qb6 24.a4 a6 25.axb5 axb5 26.Rb1 Qc6 27.Bc2 e5 28.Nh4 Nb6 29.Nf5 Nc4 30.Nxe7+
Bxe7 31.Bf5+ Kc7 32.Rg3 Rxg3 33.fxg3 Bd6 34.Bxh7 exd4 35.cxd4 Qb6 36.Be3 Be5
37.dxe5 Nxe3 38.exf6 Ng4+ 39.Kh1 Nf2+ 40.Kh2 Qxf6 41.Qc2+ Kb8 42.Qf5 Qb6 43.
Qf8+ Bc8 44.Bf5 Qc6 1-0

[Event "Prebor mesta Vsetina 2017"]
[Site "?"]
[Date "2017.07.05"]
[Round "5"]
[White "Weinzettl, Ernst"]
[Black "Skalsky, Alexandr"]
[Result "1/2-1/2"]
[WhiteElo "2290"]
[BlackElo "2071"]
[PlyCount "89"]
[EventDate "2017.??.??"]

1.e4 c5 2.Nf3 d6 3.Nc3 Nf6 4.e5 dxe5 5.Nxe5 Nbd7 6.d4 Nxe5 7.dxe5 Qxd1+ 8.Kxd1
Ng4 9.Bb5+ Bd7 10.e6 fxe6 11.Ke2 g6 12.Bxd7+ Kxd7 13.Ne4 Rc8 14.Ng5 Rc6 15.Nf7
Rg8 16.h3 Ke8 17.hxg4 Kxf7 18.Rxh7+ Bg7 19.Be3 Rh8 20.Rxh8 Bxh8 21.c3 Rb6 22.
Rb1 Bxc3 23.Bxc5 Rxb2+ 24.Rxb2 Bxb2 25.Bxa7 e5 26.Ke3 Ke6 27.Bc5 Kd7 28.Ke4
Ke6 29.Bb4 b5 30.Bc5 Bc3 31.Kd3 Ba5 32.Ke4 Bc3 33.Be3 Bb4 34.Bh6 Kf6 35.Bc1
Ke6 36.Bb2 Bd6 37.g3 Bc7 38.f4 exf4 39.gxf4 Bd6 40.f5+ gxf5+ 41.gxf5+ Kd7 42.
Kd5 Bb4 43.Bd4 Ba3 44.Bc5 Bc1 45.Bd4 1/2-1/2

[Event "Prebor mesta Vsetina 2017"]
[Site "?"]
[Date "2017.07.05"]
[Round "5"]
[White "Zvolanek, Libor"]
[Black "Pycha, Patrik"]
[Result "1/2-1/2"]
[WhiteElo "2176"]
[BlackElo "2060"]
[PlyCount "20"]
[EventDate "2017.??.??"]

1.d4 d5 2.Nf3 c5 3.c3 Nc6 4.g3 Nf6 5.Bg2 e6 6.O-O Bd6 7.dxc5 Bxc5 8.b4 Be7 9.
b5 Na5 10.Ba3 Nc4 1/2-1/2

[Event "Prebor mesta Vsetina 2017"]
[Site "?"]
[Date "2017.07.05"]
[Round "5"]
[White "Kovarik, Matyas"]
[Black "Krejca, Jakub"]
[Result "1/2-1/2"]
[WhiteElo "1890"]
[BlackElo "2115"]
[PlyCount "49"]
[EventDate "2017.??.??"]

1.e4 e6 2.d4 d5 3.Nc3 Bb4 4.e5 c5 5.a3 Bxc3+ 6.bxc3 Ne7 7.Qg4 Qc7 8.Qxg7 Rg8
9.Qxh7 cxd4 10.Ne2 dxc3 11.f4 Nbc6 12.Qd3 d4 13.Nxd4 Nxd4 14.Qxd4 Bd7 15.Rg1
Nf5 16.Qf2 Qc6 17.Bd3 Qd5 18.Be3 Bb5 19.g4 Bxd3 20.gxf5 Rxg1+ 21.Qxg1 Bxc2 22.
Qg8+ Ke7 23.Qxa8 Qh1+ 24.Ke2 Qg2+ 25.Bf2 1/2-1/2

[Event "Prebor mesta Vsetina 2017"]
[Site "?"]
[Date "2017.07.05"]
[Round "5"]
[White "Stepan, Patrik"]
[Black "Malinovsky, Petr"]
[Result "0-1"]
[WhiteElo "2268"]
[BlackElo "2019"]
[PlyCount "98"]
[EventDate "2017.??.??"]

1.d4 d5 2.c4 e6 3.Nf3 c6 4.Nc3 dxc4 5.a4 Bb4 6.e3 b5 7.Bd2 a5 8.axb5 Bxc3 9.
Bxc3 cxb5 10.b3 Bb7 11.bxc4 b4 12.Bb2 Nf6 13.Bd3 Nbd7 14.O-O O-O 15.Re1 Be4
16.Bxe4 Nxe4 17.Qc2 f5 18.c5 Qc7 19.Rec1 Rfb8 20.Ra4 Ndf6 21.d5 b3 22.Qb1 Nxd5
23.Be5 Qc6 24.Ra3 a4 25.Bxb8 Rxb8 26.Nd4 Qe8 27.c6 Qe7 28.Qb2 Nec3 29.Rca1 Rb4
30.Kf1 Qc7 31.g3 Kf7 32.Rc1 Rc4 33.h4 h6 34.h5 e5 35.Nxf5 Qxc6 36.e4 Rxe4 37.
Qd2 Rc4 38.f3 Kf6 39.Nxh6 gxh6 40.Qxh6+ Ke7 41.Qg7+ Kd8 42.Qxe5 b2 43.Qb8+ Kd7
44.Qxb2 Ne3+ 45.Ke1 Qxf3 46.Qd2+ Ke7 47.Qf2 Qh1+ 48.Kd2 Ne4+ 49.Kxe3 Qxc1+ 0-1

[Event "Prebor mesta Vsetina 2017"]
[Site "?"]
[Date "2017.07.05"]
[Round "5"]
[White "Babula, Milan"]
[Black "Zgarba, Radek"]
[Result "0-1"]
[WhiteElo "2244"]
[BlackElo "1838"]
[PlyCount "88"]
[EventDate "2017.??.??"]

1.e4 c5 2.Nf3 d6 3.d4 cxd4 4.Nxd4 Nf6 5.Nc3 a6 6.g3 e5 7.Nde2 Be6 8.Bg2 Be7 9.
O-O Nbd7 10.h3 b5 11.a3 Nb6 12.f4 h5 13.b3 Qc7 14.Bb2 Rd8 15.Qe1 Kf8 16.Rd1
Qc5+ 17.Kh1 a5 18.Qf2 Qc6 19.fxe5 dxe5 20.Rxd8+ Bxd8 21.Rd1 Ke7 22.Nd5+ Bxd5
23.exd5 Qxc2 24.Re1 Qxb2 25.Qc5+ Ke8 26.Nc3 Nbd7 27.Qc6 Kf8 28.Qc8 Ke7 29.Nxb5
Re8 30.Qc6 Kf8 31.Nd6 Qf2 32.Rf1 Qxg3 33.Rf3 Qg5 34.Nxe8 Kxe8 35.d6 Qd2 36.Rf1
Qd4 37.Re1 Kf8 38.Qc8 Qb6 39.b4 axb4 40.axb4 Ke8 41.Bc6 Qd4 42.b5 Qxd6 43.b6
Ke7 44.b7 Bc7 0-1

[Event "Prebor mesta Vsetina 2017"]
[Site "?"]
[Date "2017.07.05"]
[Round "5"]
[White "Vraj, Ondrej"]
[Black "Kapusta, Petr"]
[Result "1/2-1/2"]
[WhiteElo "1816"]
[BlackElo "2175"]
[PlyCount "237"]
[EventDate "2017.??.??"]

1.e4 c5 2.Nf3 d6 3.d4 cxd4 4.Nxd4 Nf6 5.Nc3 a6 6.f3 e5 7.Nb3 Be6 8.Be3 Nbd7 9.
Be2 Be7 10.O-O b5 11.a3 O-O 12.Kh1 Qc7 13.f4 exf4 14.Bxf4 Ne5 15.Nd4 Nfd7 16.
Nf5 Bxf5 17.exf5 Nf6 18.Bf3 Rac8 19.Re1 Rfe8 20.Bd5 Neg4 21.Bg3 Bf8 22.Qf3 Qb6
23.h3 Ne5 24.Qf2 Qxf2 25.Bxf2 Nxd5 26.Nxd5 Rxc2 27.Bd4 f6 28.Rad1 a5 29.Bc3
Rc8 30.Ne3 R2xc3 31.bxc3 Rxc3 32.Ra1 Nd3 33.Re2 Nf4 34.Ree1 d5 35.Rad1 Rxa3
36.Nxd5 Nd3 37.Re2 Bc5 38.Kh2 Bd6+ 39.Kg1 b4 40.Red2 Bc5+ 41.Kf1 Ne5 42.Rc2
Bf8 43.Nf4 b3 44.Rc8 b2 45.Ne6 Nd7 46.Ke2 Ra1 47.Rxd7 Re1+ 48.Kf3 Rxe6 49.Rb7
Re7 50.Rxb2 g6 51.fxg6 hxg6 52.Rbb8 Rf7 53.Ra8 Kg7 54.Rxa5 Rb7 55.Rc4 Bd6 56.
Rc3 g5 57.Rd3 Bh2 58.Rad5 Kg6 59.g3 Bg1 60.Rd1 Ba7 61.Rd7 Rb3+ 62.R1d3 Rxd3+
63.Rxd3 Bc5 64.g4 Bb6 65.Rd7 Ba5 66.Ke4 Bc3 67.Ra7 Bb2 68.Kd5 f5 69.Ra2 Bf6
70.Rf2 f4 71.Ra2 Bc3 72.Ke6 Bd4 73.Ra8 f3 74.Rf8 f2 75.Rf3 Bc5 76.Kd5 Bb6 77.
Kc4 Ba7 78.Kd3 Bb6 79.Ke2 Bd4 80.Rd3 Bc5 81.Rd5 Be3 82.Rf5 Bd4 83.Kf1 Be3 84.
Kg2 Bd4 85.Kg3 Be3 86.Kg2 Bd4 87.Rd5 Be3 88.Rd6+ Kf7 89.Ra6 Bd4 90.Kf1 Be3 91.
Ke2 Bd4 92.Rd6 Be3 93.Kf1 Kg7 94.Rd3 Bc5 95.Rd5 Be3 96.Re5 Bf4 97.Re4 Bg3 98.
Re3 Bh4 99.Rf3 Kg6 100.Ke2 Kg7 101.Ke3 Kg6 102.Ke4 Kg7 103.Ke5 Kg6 104.Ke4 Kg7
105.Ke3 Kg6 106.Ke2 Kg7 107.Rxf2 Bxf2 108.Kxf2 Kf6 109.Kf3 Ke5 110.Kg3 Kf6
111.h4 gxh4+ 112.Kxh4 Kg6 113.g5 Kg7 114.Kh5 Kh7 115.g6+ Kg7 116.Kg5 Kg8 117.
Kh6 Kh8 118.g7+ Kg8 119.Kg6 1/2-1/2

[Event "Prebor mesta Vsetina 2017"]
[Site "?"]
[Date "2017.07.05"]
[Round "5"]
[White "Husek, Martin"]
[Black "Sokolski, Alexander"]
[Result "1-0"]
[WhiteElo "2137"]
[BlackElo "1868"]
[PlyCount "49"]
[EventDate "2017.??.??"]

1.d4 Nf6 2.c4 e6 3.Nc3 Bb4 4.Qc2 O-O 5.e4 c5 6.e5 cxd4 7.a3 Qa5 8.axb4 Qxa1 9.
exf6 dxc3 10.fxg7 Kxg7 11.Qxc3+ f6 12.Qe3 Nc6 13.Qh6+ Kf7 14.Be2 Qb1 15.Nh3
Rg8 16.O-O Ne5 17.f4 Ng6 18.Ng5+ fxg5 19.Qxh7+ Rg7 20.fxg5+ Qf5 21.Rxf5+ exf5
22.Qh6 d6 23.Be3 Bd7 24.Bd4 Rgg8 25.Bh5 1-0

[Event "Prebor mesta Vsetina 2017"]
[Site "?"]
[Date "2017.07.05"]
[Round "5"]
[White "Havelka, Ondrej"]
[Black "Hrabovsky, Vladimir"]
[Result "1-0"]
[WhiteElo "2104"]
[BlackElo "2000"]
[PlyCount "49"]
[EventDate "2017.??.??"]

1.d4 d5 2.c4 e6 3.Nc3 Nf6 4.Bg5 Be7 5.e3 O-O 6.Nf3 h6 7.Bh4 b6 8.Be2 Bb7 9.
Bxf6 Bxf6 10.cxd5 exd5 11.b4 Nd7 12.b5 c5 13.bxc6 Bxc6 14.O-O Rc8 15.Qb3 Nb8
16.Rfc1 Qd6 17.Ne1 Rfd8 18.Bf3 Na6 19.Nxd5 Bxd5 20.Bxd5 Qe7 21.Nd3 Nc5 22.dxc5
Bxa1 23.Rxa1 bxc5 24.Rb1 Rc7 25.Qc4 1-0

[Event "Prebor mesta Vsetina 2017"]
[Site "?"]
[Date "2017.07.05"]
[Round "5"]
[White "Dungl, Petr"]
[Black "Bednarik, Josef"]
[Result "0-1"]
[WhiteElo "1884"]
[BlackElo "2183"]
[PlyCount "122"]
[EventDate "2017.??.??"]

1.d4 d5 2.c4 e6 3.Nc3 Nf6 4.Nf3 Be7 5.Bf4 O-O 6.e3 Nbd7 7.cxd5 exd5 8.h3 c6 9.
Bd3 Re8 10.O-O Nf8 11.Qc2 Ne6 12.Be5 g6 13.a3 Ng7 14.b4 Bf5 15.Rfb1 a6 16.Na4
Bxd3 17.Qxd3 Nf5 18.Nc5 Qc8 19.Na4 Ra7 20.Nd2 Nd6 21.Nc5 Nd7 22.Nxd7 Qxd7 23.
Ra2 Raa8 24.Bxd6 Bxd6 25.Nb3 Rac8 26.Nc5 Qe7 27.Re2 Rc7 28.Rbe1 f5 29.Nb3 Qe4
30.Qxe4 Rxe4 31.Nc5 Re8 32.Nd3 Rce7 33.Kf1 Kf7 34.f4 Kf6 35.Ne5 h6 36.Rc2 g5
37.g3 Rg7 38.Rg2 Reg8 39.Ree2 Ra8 40.Rb2 a5 41.Nd3 axb4 42.axb4 Ra1+ 43.Kf2
Rh1 44.b5 Rxh3 45.bxc6 bxc6 46.Rb6 Ra7 47.Rxc6 Ke7 48.Rc1 Ra3 49.Rd1 h5 50.
fxg5 Ra2+ 51.Kf3 Rxg2 52.Kxg2 Rxg3+ 53.Kf2 Rxg5 54.Nf4 Bxf4 55.exf4 Rg4 56.
Re1+ Kf6 57.Kf3 h4 58.Ra1 Rg3+ 59.Kf2 Rd3 60.Rh1 h3 61.Ke2 Rxd4 0-1

[Event "Prebor mesta Vsetina 2017"]
[Site "?"]
[Date "2017.07.05"]
[Round "5"]
[White "Zadrapa, Radek"]
[Black "Peterka, Josef"]
[Result "1-0"]
[WhiteElo "2060"]
[BlackElo "1796"]
[PlyCount "95"]
[EventDate "2017.??.??"]

1.d4 d5 2.c4 e6 3.Nf3 c6 4.e3 Bd6 5.Nc3 Nf6 6.Qc2 Nbd7 7.Bd3 O-O 8.O-O Re8 9.
e4 dxe4 10.Nxe4 Nxe4 11.Bxe4 h6 12.Re1 e5 13.Be3 exd4 14.Bxd4 Nc5 15.Bh7+ Kf8
16.Rxe8+ Qxe8 17.Re1 Qd8 18.Qc3 Ne6 19.Be3 c5 20.Bc2 Bf4 21.Bxf4 Nxf4 22.Qe5
Ne6 23.Qe4 g6 24.Qe5 Kg8 25.Rd1 Qf8 26.Be4 Qg7 27.h4 Qxe5 28.Nxe5 Rb8 29.g3
Kg7 30.Rd6 b5 31.Nc6 Rb6 32.cxb5 Nd4 33.a4 Be6 34.Rd8 a6 35.Nxd4 cxd4 36.Rxd4
axb5 37.Rb4 Ra6 38.axb5 Rb6 39.f4 Bd7 40.Kf2 Kf8 41.Bd3 Ke7 42.Ke3 Kd8 43.Bc4
f6 44.Kd4 Kc7 45.Kc5 g5 46.Ra4 Rb8 47.Ra6 gxf4 48.gxf4 1-0

[Event "Prebor mesta Vsetina 2017"]
[Site "?"]
[Date "2017.07.05"]
[Round "5"]
[White "Ambrozova, Lucie"]
[Black "Russel, Bernhard"]
[Result "1-0"]
[WhiteElo "1875"]
[BlackElo "1928"]
[PlyCount "57"]
[EventDate "2017.??.??"]

1.e4 c6 2.d4 d5 3.e5 Bf5 4.Nf3 e6 5.Be2 c5 6.c3 Nc6 7.O-O Nge7 8.Nh4 cxd4 9.
cxd4 Qb6 10.Nc3 Qxd4 11.Nb5 Qxe5 12.g3 Qb8 13.Bf4 e5 14.Nxf5 Nxf5 15.Qxd5 a6
16.Bc4 axb5 17.Qxf7+ Kd8 18.Be6 Nfe7 19.Rfd1+ Kc7 20.Be3 Nd4 21.Rxd4 exd4 22.
Bf4+ Kb6 23.Bxb8 Rxb8 24.Rc1 Nc6 25.Bd7 Bc5 26.Qd5 Be7 27.Bxc6 bxc6 28.Rxc6+
Ka5 29.Qe6 1-0

[Event "Prebor mesta Vsetina 2017"]
[Site "?"]
[Date "2017.07.05"]
[Round "5"]
[White "Gratze, Michael"]
[Black "Budik, Pavel"]
[Result "1-0"]
[WhiteElo "2057"]
[BlackElo "1675"]
[PlyCount "59"]
[EventDate "2017.??.??"]

1.e4 c6 2.d4 d5 3.e5 Bf5 4.h4 h6 5.g4 Be4 6.f3 Bh7 7.e6 Qc7 8.exf7+ Kxf7 9.f4
Be4 10.Nf3 Nf6 11.Ne5+ Ke8 12.Rg1 Nbd7 13.Nc3 e6 14.g5 Nxe5 15.fxe5 hxg5 16.
hxg5 Bb4 17.gxf6 gxf6 18.Qg4 Bf5 19.Qg7 Qxg7 20.Rxg7 fxe5 21.a3 exd4 22.axb4
dxc3 23.bxc3 Bxc2 24.Rxb7 Rh1 25.Kf2 Rh2+ 26.Kg3 Rh1 27.Bh3 e5 28.Bd7+ Kf8 29.
Bxc6 Rc8 30.b5 1-0

[Event "Prebor mesta Vsetina 2017"]
[Site "?"]
[Date "2017.07.05"]
[Round "5"]
[White "Mlady, Pavel"]
[Black "Brousek, Jiri"]
[Result "0-1"]
[WhiteElo "1650"]
[BlackElo "2016"]
[PlyCount "96"]
[EventDate "2017.??.??"]

1.e4 e6 2.d4 d5 3.exd5 exd5 4.Nf3 Bd6 5.Bd3 Ne7 6.O-O Bf5 7.Re1 Bxd3 8.Qxd3
O-O 9.Bd2 c6 10.Nc3 Na6 11.a3 Nc7 12.Ne2 f6 13.Bf4 Ng6 14.Bxd6 Qxd6 15.Ng3
Rae8 16.Qd2 Qd7 17.Rxe8 Rxe8 18.Re1 Nb5 19.Rxe8+ Qxe8 20.Kf1 Nd6 21.b3 Kf7 22.
Qe2 Qe6 23.Qxe6+ Kxe6 24.Ne2 Ne4 25.g3 b6 26.Ke1 c5 27.Nd2 Nd6 28.f3 Nb5 29.a4
Nxd4 30.Nxd4+ cxd4 31.Ke2 Ne5 32.f4 Nc6 33.Nf3 Kd6 34.Kd3 Kc5 35.Nh4 g5 36.Nf3
h6 37.fxg5 fxg5 38.Kd2 g4 39.Ne1 Ne5 40.Nd3+ Nxd3 41.Kxd3 a5 42.Kd2 Kd6 43.Ke2
Ke6 44.Kd2 Kf5 45.Kd3 Ke5 46.c4 dxc3 47.Kxc3 Ke4 48.b4 d4+ 0-1

[Event "Prebor mesta Vsetina 2017"]
[Site "?"]
[Date "2017.07.05"]
[Round "5"]
[White "Vraj, Karel"]
[Black "Vlachopulos, Elefteris"]
[Result "1/2-1/2"]
[WhiteElo "1778"]
[BlackElo "1770"]
[PlyCount "109"]
[EventDate "2017.??.??"]

1.e4 c6 2.d4 d5 3.exd5 cxd5 4.Bd3 Nc6 5.c3 g6 6.Bf4 Bg7 7.Nf3 Bg4 8.Nbd2 Nf6
9.h3 Bxf3 10.Nxf3 O-O 11.O-O e6 12.Re1 Rc8 13.Qd2 Qa5 14.a3 a6 15.Rac1 b5 16.
Qe2 Nd7 17.Qd2 Rfe8 18.Re2 e5 19.dxe5 Ncxe5 20.Nxe5 Nxe5 21.Bxe5 Rxe5 22.Rxe5
Bxe5 23.Re1 Bg7 24.Qe3 d4 25.cxd4 Bxd4 26.Qe2 Bxb2 27.h4 Rd8 28.Rd1 Qxa3 29.h5
Bg7 30.hxg6 hxg6 31.g3 Qd6 32.Bc2 Qc7 33.Rxd8+ Qxd8 34.Bd3 Kf8 35.Qe4 Qc8 36.
Kg2 Bf6 37.Qf4 Kg7 38.Qe4 Qc5 39.Qe2 Qd5+ 40.Kg1 Bd4 41.Bc2 Qe5 42.Qxe5+ Bxe5
43.Bd3 Kf6 44.Kf1 Ke7 45.Ke2 f5 46.Kd2 Kd6 47.Kc2 Kc5 48.g4 a5 49.gxf5 gxf5
50.Bxf5 Kb4 51.Bd7 a4 52.Kb1 a3 53.Ka2 Bb2 54.Be6 Kc3 55.Bg8 1/2-1/2

[Event "Prebor mesta Vsetina 2017"]
[Site "?"]
[Date "2017.07.05"]
[Round "5"]
[White "Mica, Marek"]
[Black "Mostek, Jan"]
[Result "0-1"]
[WhiteElo "1974"]
[BlackElo "1774"]
[PlyCount "82"]
[EventDate "2017.??.??"]

1.d4 Nf6 2.c4 g6 3.Nc3 d5 4.Nf3 Bg7 5.cxd5 Nxd5 6.e4 Nxc3 7.bxc3 O-O 8.Be2 c5
9.O-O Bg4 10.Be3 Nc6 11.e5 Qa5 12.Qb3 Rab8 13.h3 Bxf3 14.Bxf3 e6 15.Rab1 Qc7
16.Qb5 Ne7 17.Bxb7 Nd5 18.Rfc1 Nxe3 19.fxe3 Bh6 20.Re1 f6 21.exf6 Rf7 22.dxc5
Qxb7 23.Qd3 Qc7 24.Rxb8+ Qxb8 25.Qd4 Qf8 26.c6 Bg5 27.Qc4 Bxf6 28.Qxe6 Qe7 29.
Qc4 Kg7 30.e4 Qe5 31.Re3 Bd8 32.Qd4 Bc7 33.g3 Re7 34.Qxa7 Bd6 35.c7 Bc5 36.
c8=Q Bxa7 37.Kf2 Bxe3+ 38.Kxe3 Qxe4+ 39.Kd2 Qe2+ 40.Kc1 Rf7 41.Qd7 Rxd7 0-1

[Event "Prebor mesta Vsetina 2017"]
[Site "?"]
[Date "2017.07.05"]
[Round "6"]
[White "Kuchar, Matej"]
[Black "Roubalik, Jakub"]
[Result "0-1"]
[WhiteElo "2018"]
[BlackElo "2391"]
[PlyCount "50"]
[SourceDate "2017.07.05"]

1.e4 c5 2.Nf3 d6 3.d4 cxd4 4.Nxd4 Nf6 5.Nc3 a6 6.Be2 e5 7.Nb3 Be7 8.O-O O-O 9.
Kh1 Nbd7 10.a4 b6 11.f4 Bb7 12.Bf3 Rc8 13.Qe1 Re8 14.Bd2 Bf8 15.f5 d5 16.exd5
e4 17.Bd1 e3 18.Bxe3 Rxc3 19.Qxc3 Nxd5 20.Bxb6 N7xb6 21.Qd4 Ne3 22.Rf2 Nxf5
23.Qc3 Qh4 24.Kg1 Bd6 25.h3 Bh2+ 0-1

[Event "Prebor mesta Vsetina 2017"]
[Site "?"]
[Date "2017.07.05"]
[Round "6"]
[White "Karlik, Vladimir"]
[Black "Jasny, Stanislav"]
[Result "1/2-1/2"]
[WhiteElo "2207"]
[BlackElo "2363"]
[PlyCount "39"]
[SourceDate "2017.07.05"]

1.d4 d5 2.Nf3 Nf6 3.Bf4 c5 4.c3 Nc6 5.e3 Qb6 6.Qc2 g6 7.Nbd2 Bg7 8.dxc5 Qxc5
9.Bd3 O-O 10.O-O Re8 11.e4 e5 12.Bg5 dxe4 13.Bxe4 Qb6 14.Bxf6 Bxf6 15.Rfe1 Qc7
16.Bd3 Be6 17.Bc4 Rad8 18.Ne4 Bg7 19.Bxe6 Rxe6 20.Rad1 1/2-1/2

[Event "Prebor mesta Vsetina 2017"]
[Site "?"]
[Date "2017.07.05"]
[Round "6"]
[White "Horak, Martin"]
[Black "Mudrak, Josef"]
[Result "1/2-1/2"]
[WhiteElo "2073"]
[BlackElo "2264"]
[PlyCount "64"]
[SourceDate "2017.07.05"]

1.e4 e5 2.Nf3 Nc6 3.Bb5 a6 4.Ba4 Nf6 5.Bxc6 dxc6 6.d3 Bd6 7.Nbd2 Bg4 8.h3 Bh5
9.g4 Bg6 10.Nc4 Qe7 11.Bg5 O-O-O 12.Qe2 h6 13.Bh4 Bh7 14.O-O-O g5 15.Bg3 Nd7
16.h4 f6 17.hxg5 hxg5 18.Nfd2 Bg6 19.Ne3 Qe6 20.Kb1 Bf7 21.Nb3 Nb6 22.f3 Na4
23.Qg2 b5 24.Rxh8 Rxh8 25.Rh1 Rd8 26.Bf2 c5 27.c4 Bf8 28.Qf1 c6 29.Qe2 Qd7 30.
Rd1 Nb6 31.Qc2 Qe6 32.Kc1 Kb8 1/2-1/2

[Event "Prebor mesta Vsetina 2017"]
[Site "?"]
[Date "2017.07.05"]
[Round "6"]
[White "Dzikowski, Michal"]
[Black "Bosak, Jan"]
[Result "1/2-1/2"]
[WhiteElo "2147"]
[BlackElo "2151"]
[PlyCount "32"]
[SourceDate "2017.07.05"]

1.d4 Nf6 2.c4 e6 3.Nf3 d5 4.g3 c6 5.Bg2 Be7 6.O-O O-O 7.Nbd2 Nbd7 8.Qc2 dxc4
9.Nxc4 Nb6 10.Rd1 Nxc4 11.Qxc4 Qb6 12.Ne5 Rd8 13.e4 Nd7 14.Nd3 Nf6 15.Ne5 Nd7
16.Nd3 Nf6 1/2-1/2